00778 a2200205 4500020001500000020001800015082001200033090001500045100002100060245012600081250001200207260005100219300002100270490005700291700001800348830005700366942002600423999001700449952010600466 a0199208247 a9780199208241 a515.352 c1122d11221 aJordan, Dominic.10aNonlinear ordinary differential equations :ban introduction for scientists and engineers /cDominic Jordan, Peter Smith. a4th ed. a[S.l.] :bOxford University Press, USA,c2007. a560 p. ;c25 cm.1 aOxford texts in applied and engineering mathematics.1 aSmith, Peter. 0aOxford texts in applied and engineering mathematics. aSNScBKk515.352 JOR c29737d29737 00104070aSNSbSNSd2016-05-26l2o515.352 JORpSNS0001626r2021-02-12s2020-01-16w2016-05-26yBK